[Event "1st FIDE OWCCCC Pools-East 2021"]
[Site "Online"]
[Date "2021.02.19"]
[Round "2.13"]
[White "Dagva, Munkhtur"]
[Black "Chernikova, Iryna"]
[Result "1-0"]
[WhiteElo "1776"]
[BlackElo "1509"]
[Annotator "NA"]
[PlyCount "87"]
[EventDate "2021.02.19"]
[EventType "team-tourn"]
[EventCountry "NET"]
[SourceTitle "playchess.com"]
[Source "ChessBase"]
[SourceQuality "1"]

1. d4 c6 2. Nf3 d5 3. Bf4 Bf5 4. e3 e6 5. Nbd2 Nf6 6. c4 Nbd7 7. Qb3 Qb6 8. Be2 Be7 9. O-O O-O 10. h3 c5 11. Rfc1 Rfc8 12. a4 Ne4 13. a5 Qxb3 14. Nxb3 cxd4 15. exd4 dxc4 16. Bxc4 Bb4 17. d5 exd5 18. Bxd5 Ndc5 19. Nxc5 Nxc5 20. a6 b6 21. Bxa8 Rxa8 22. Ne5 Rd8 23. Nc6 Rd7 24. Nxb4 h6 25. Rd1 Re7 26. Re1 Rd7 27. Rad1 Rxd1 28. Rxd1 Be6 29. Bb8 Bc4 30. Bxa7 Nxa6 31. Nxa6 Bxa6 32. Bxb6 Bc4 33. b4 Bb5 34. Rd5 Bc6 35. Rc5 Bb7 36. Bc7 Kf8 37. b5 Ke8 38. b6 Kd7 39. Bg3 Kd8 40. Rc7 Ba6 41. b7 Bxb7 42. Rxb7 Kc8 43. Rxf7 Kd8 44. Rxg7 1-0

[Event "1st FIDE OWCCCC Pools-East 2021"]
[Site "Online"]
[Date "2021.02.19"]
[Round "2.14"]
[White "Nezamyatin, Ruslan"]
[Black "Bohnhoff, Peter"]
[Result "1-0"]
[WhiteElo "2070"]
[BlackElo "2078"]
[Annotator "NA"]
[PlyCount "89"]
[EventDate "2021.02.19"]
[EventType "team-tourn"]
[EventCountry "NET"]
[SourceTitle "playchess.com"]
[Source "ChessBase"]
[SourceQuality "1"]

1. d4 f5 2. Nf3 Nf6 3. c4 d6 4. g3 g6 5. Bg2 Bg7 6. O-O O-O 7. Nc3 Qe8 8. e4 fxe4 9. Ng5 Nc6 10. Nb5 Qd8 11. d5 Ne5 12. Nd4 Nxc4 13. Nge6 Bxe6 14. Nxe6 Qd7 15. Nxf8 Rxf8 16. Qc2 Nb6 17. Bxe4 Nbxd5 18. Qb3 c6 19. Bg2 Kh8 20. Bg5 e5 21. Rad1 Qc7 22. Rc1 Ne7 23. Be3 Nc8 24. Rfd1 Qe7 25. Qa3 d5 26. Bc5 Qf7 27. Bxf8 Bxf8 28. Qe3 Nd6 29. Qxe5 Bg7 30. Qxd6 Ng4 31. Qd8+ Bf8 32. Rf1 Nf6 33. Rce1 Kg7 34. h3 d4 35. Qxd4 Kg8 36. Qxa7 Nh5 37. Qd4 Nf6 38. b3 Bg7 39. Qd8+ Bf8 40. Qd4 Bg7 41. Qc4 Nd5 42. Bxd5 cxd5 43. Qc8+ Bf8 44. Re8 Kg7 45. Rxf8 1-0

[Event "1st FIDE OWCCCC Pools-East 2021"]
[Site "Online"]
[Date "2021.02.19"]
[Round "2.14"]
[White "He, Yihao"]
[Black "Gutmakher, Olga"]
[Result "0-1"]
[WhiteElo "1971"]
[BlackElo "2236"]
[Annotator "NA"]
[PlyCount "86"]
[EventDate "2021.02.19"]
[EventType "team-tourn"]
[EventCountry "NET"]
[SourceTitle "playchess.com"]
[Source "ChessBase"]
[SourceQuality "1"]

1. d4 d5 2. c4 dxc4 3. Nf3 a6 4. Nc3 Nc6 5. e3 Na5 6. Qa4+ c6 7. Ne5 b5 8. Qc2 Bb7 9. Bd2 Nf6 10. a4 Nb3 11. Rd1 e6 12. Ne4 Nxd2 13. Rxd2 Bb4 14. Nc3 O-O 15. Be2 Qc7 16. O-O Rad8 17. Bf3 Bd6 18. axb5 cxb5 19. Bxb7 Qxb7 20. f4 Rc8 21. Rf3 b4 22. Ne2 Ne4 23. Rd1 c3 24. bxc3 Nxc3 25. Rh3 g6 26. Nxc3 Rxc3 27. Qf2 Be7 28. f5 exf5 29. Qf4 Rc2 30. Nf3 f6 31. d5 Bc5 32. d6 Qd7 33. Nh4 Rd8 34. Qh6 Qg7 35. Qf4 b3 36. Qa4 Qb7 37. Nf3 Bxe3+ 38. Kh1 Bc5 39. d7 Re2 40. Qh4 Rxd7 41. Re1 Qe4 42. Rxe2 Qxe2 43. Qxf6 Qf1+ 0-1

[Event "1st FIDE OWCCCC Pools-East 2021"]
[Site "Online"]
[Date "2021.02.19"]
[Round "2.14"]
[White "Benyo, Zoltan"]
[Black "Munguntuul, Batkhuyag"]
[Result "0-1"]
[WhiteElo "1898"]
[BlackElo "2428"]
[Annotator "NA"]
[PlyCount "80"]
[EventDate "2021.02.19"]
[EventType "team-tourn"]
[EventCountry "NET"]
[SourceTitle "playchess.com"]
[Source "ChessBase"]
[SourceQuality "1"]

1. e4 c5 2. Nf3 e6 3. d4 cxd4 4. Nxd4 Nc6 5. Nc3 Qc7 6. Ndb5 Qb8 7. g3 a6 8. Nd4 Nf6 9. Bg2 Bc5 10. Be3 Qa7 11. Nxc6 bxc6 12. Bxc5 Qxc5 13. O-O O-O 14. Na4 Qa5 15. c3 d5 16. b4 Qc7 17. exd5 cxd5 18. Nc5 a5 19. a3 Rb8 20. Qd4 Nd7 21. Nxd7 Bxd7 22. Rac1 Rfc8 23. Rfe1 h6 24. h4 Bb5 25. Re3 axb4 26. axb4 Ra8 27. g4 Qc4 28. Qxc4 Bxc4 29. g5 hxg5 30. hxg5 Ra3 31. f4 Bb5 32. f5 d4 33. Re5 Raxc3 34. Rxc3 dxc3 35. Be4 Bd7 36. f6 c2 37. Bxc2 Rxc2 38. Rc5 Rxc5 39. bxc5 gxf6 40. gxf6 Kh7 0-1

[Event "1st FIDE OWCCCC Pools-East 2021"]
[Site "Online"]
[Date "2021.02.19"]
[Round "2.14"]
[White "mnaveenkumar"]
[Black "Alcaraz Ortega, Javier"]
[Result "0-1"]
[WhiteElo "1839"]
[BlackElo "2314"]
[Annotator "TA"]
[PlyCount "98"]
[EventDate "2021.02.19"]
[EventType "team-tourn"]
[EventCountry "NET"]
[SourceTitle "playchess.com"]
[Source "ChessBase"]
[SourceQuality "1"]

1. d4 d5 2. Bf4 c5 3. e3 Nc6 4. Nf3 Nf6 5. Nbd2 cxd4 6. exd4 Bg4 7. c3 Qb6 8. Qb3 e6 9. Bb5 Nd7 10. h3 Bf5 11. O-O a6 12. Bxc6 bxc6 13. Rfe1 Be7 14. Ne5 Qxb3 15. Nxb3 Nxe5 16. Bxe5 f6 17. Bh2 Kd7 18. g4 Bg6 19. f4 a5 20. Re3 a4 21. Nd2 Bd6 22. Rae1 Rhe8 23. Kg2 c5 24. f5 exf5 25. Rxe8 Rxe8 26. Rxe8 Bxe8 27. gxf5 cxd4 28. cxd4 Bb4 29. Nf3 Kc6 30. Kf2 Bd7 31. Nh4 Kb5 32. Bf4 Kc4 33. Ke3 Ba5 34. Bd6 Bb6 35. b3+ axb3 36. axb3+ Kxb3 37. Bf8 Kc3 38. Nf3 Bxf5 39. Bxg7 Bd8 40. h4 Be4 41. Nd2 f5 42. Nxe4+ fxe4 43. h5 Bg5+ 44. Ke2 Kc4 45. Be5 Kb5 46. Kf2 Kc6 47. Kg3 Be3 48. Kg4 Kb5 49. Kf5 Kc4 0-1

[Event "1st FIDE OWCCCC Pools-East 2021"]
[Site "Online"]
[Date "2021.02.19"]
[Round "2.15"]
[White "Pardo Simon, David"]
[Black "Jindal, Kanica"]
[Result "1-0"]
[WhiteElo "2461"]
[BlackElo "1340"]
[Annotator "TA"]
[PlyCount "43"]
[EventDate "2021.02.19"]
[EventType "team-tourn"]
[EventCountry "NET"]
[SourceTitle "playchess.com"]
[Source "ChessBase"]
[SourceQuality "1"]

1. Nf3 Nc6 2. d4 d5 3. Bf4 Nf6 4. h3 e6 5. e3 a6 6. Nbd2 Bd6 7. c3 Bxf4 8. exf4 O-O 9. Bd3 h6 10. g4 Qd6 11. Ne5 b5 12. g5 hxg5 13. Nxc6 Qxc6 14. fxg5 Nd7 15. Qh5 g6 16. Bxg6 fxg6 17. Qxg6+ Kh8 18. Qh6+ Kg8 19. g6 Nf6 20. g7 Rd8 21. Qxf6 Qd7 22. Rg1 1-0

[Event "1st FIDE OWCCCC Pools-East 2021"]
[Site "Online"]
[Date "2021.02.19"]
[Round "2.15"]
[White "Konstantinov, Vasiliy"]
[Black "Heer, Stephan"]
[Result "*"]
[WhiteElo "2196"]
[BlackElo "2063"]
[Annotator "TA"]
[PlyCount "39"]
[EventDate "2021.02.19"]
[EventType "team-tourn"]
[EventCountry "NET"]
[SourceTitle "playchess.com"]
[Source "ChessBase"]
[SourceQuality "1"]

1. e4 g6 2. d4 d6 3. Nc3 Bg7 4. f3 Nd7 5. Be3 a6 6. Qd2 b5 7. O-O-O Nb6 8. g4 Nf6 9. Bh6 Bxh6 10. Qxh6 b4 11. Nb1 Rf8 12. Nh3 Qd7 13. b3 a5 14. Ng5 a4 15. e5 axb3 16. axb3 Nfd5 17. Nxh7 Rg8 18. Ng5 Ne3 19. Qh7 Rf8 20. e6 *

[Event "1st FIDE OWCCCC Pools-East 2021"]
[Site "Online"]
[Date "2021.02.19"]
[Round "2.15"]
[White "Amgalan, Ganbaatar"]
[Black "Krause, Max"]
[Result "0-1"]
[WhiteElo "1949"]
[BlackElo "1954"]
[Annotator "NA"]
[PlyCount "142"]
[EventDate "2021.02.19"]
[EventType "team-tourn"]
[EventCountry "NET"]
[SourceTitle "playchess.com"]
[Source "ChessBase"]
[SourceQuality "1"]

1. d4 c5 2. d5 e5 3. e4 d6 4. c4 Ne7 5. Bd3 Ng6 6. Nc3 Na6 7. a3 Nc7 8. Nf3 Be7 9. O-O Bg4 10. h3 Bd7 11. b4 b6 12. Be3 a6 13. Qe2 O-O 14. Rfb1 Rb8 15. Nd2 Bg5 16. Nf1 Qf6 17. Bxg5 Qxg5 18. Qe3 Nf4 19. Qg3 Qxg3 20. fxg3 Nxd3 21. Rd1 cxb4 22. Rxd3 bxc3 23. Rxc3 Rfc8 24. Ne3 Nb5 25. Rb3 Nd4 26. Rb2 b5 27. Rab1 g6 28. a4 f5 29. axb5 axb5 30. cxb5 Rb6 31. Ra1 Rxb5 32. Rxb5 Nxb5 33. exf5 gxf5 34. Rb1 Rc5 35. Rf1 Nd4 36. Kh2 Kg7 37. h4 Kg6 38. Rf2 Bb5 39. Rd2 h5 40. Rf2 Bd3 41. Rb2 f4 42. gxf4 exf4 43. Nd1 Be4 44. Nf2 Kf5 45. Nh3 Rxd5 46. Rf2 Ne6 47. g3 f3 48. Ng1 Kg4 49. Rb2 Rd4 50. Rf2 d5 51. Rb2 Rd1 52. Nh3 Nd4 53. Nf2+ Kf5 54. Ra2 Rc1 55. Rd2 Rc2 56. Rxd4 Rxf2+ 57. Kg1 Rg2+ 58. Kf1 Rxg3 59. Kf2 Rg4 60. Rd2 Rxh4 61. Kg3 Rg4+ 62. Kh3 Kf4 63. Rb2 Rg2 64. Rb8 Ke3 65. Re8 Rg1 66. Kh2 Rg2+ 67. Kh3 d4 68. Re6 d3 69. Kh4 d2 70. Kxh5 d1=Q 71. Kh4 Qh1# 0-1

[Event "1st FIDE OWCCCC Pools-East 2021"]
[Site "Online"]
[Date "2021.02.19"]
[Round "2.15"]
[White "Slav, Moshe"]
[Black "Song, Yuanchu"]
[Result "1-0"]
[WhiteElo "1807"]
[BlackElo "1418"]
[Annotator "NA"]
[PlyCount "127"]
[EventDate "2021.02.19"]
[EventType "team-tourn"]
[EventCountry "NET"]
[SourceTitle "playchess.com"]
[Source "ChessBase"]
[SourceQuality "1"]

1. e4 d5 2. e5 c5 3. c3 Nc6 4. d4 Bf5 5. Bd3 Bg6 6. Nf3 e6 7. O-O c4 8. Be2 Nh6 9. b3 cxb3 10. axb3 Nf5 11. Na3 h5 12. Nc2 Be7 13. c4 Qd7 14. cxd5 Qxd5 15. Bc4 Qd7 16. Bb2 Rd8 17. Qd2 O-O 18. Rfd1 a6 19. Ne3 Nxe3 20. Qxe3 Nb4 21. Rac1 Nd5 22. Qe2 Rc8 23. h3 b5 24. Bxd5 Qxd5 25. Nd2 Bb4 26. Qf3 Qxf3 27. Nxf3 Rfd8 28. Ne1 Rxc1 29. Rxc1 Bxe1 30. Rxe1 Rc8 31. Rc1 Rc2 32. Rxc2 Bxc2 33. b4 Kh7 34. Kf1 Kg6 35. Ke1 Kf5 36. Kd2 Bb3 37. Ke3 Bd5 38. f3 Bc4 39. Bc3 Bf1 40. g4+ hxg4 41. hxg4+ Kg5 42. Bd2 Bh3 43. Ke4+ Kg6 44. Kf4 Bf1 45. Kg3 Bd3 46. Kh4 Kh7 47. Kg5 Bc2 48. f4 Kg8 49. f5 exf5 50. gxf5 Kf8 51. d5 Ke8 52. Bc3 g6 53. fxg6 fxg6 54. Kf6 Bb3 55. Ke6 g5 56. Kd6 Bc4 57. e6 g4 58. Be5 Kd8 59. Bg3 Ke8 60. Ke5 Ke7 61. d6+ Ke8 62. d7+ Kd8 63. Bh4+ Kc7 64. d8=Q+ 1-0

[Event "1st FIDE OWCCCC Pools-East 2021"]
[Site "Online"]
[Date "2021.02.19"]
[Round "2.15"]
[White "Lkhagvadorj, Ganpurev"]
[Black "Vancsa, Marton"]
[Result "1-0"]
[WhiteElo "1619"]
[BlackElo "1585"]
[Annotator "NA"]
[PlyCount "59"]
[EventDate "2021.02.19"]
[EventType "team-tourn"]
[EventCountry "NET"]
[SourceTitle "playchess.com"]
[Source "ChessBase"]
[SourceQuality "1"]

1. e4 c5 2. f4 Nc6 3. Nf3 d6 4. Bb5 Bg4 5. h3 Bd7 6. Bxc6 Bxc6 7. d3 e6 8. O-O Nf6 9. Nc3 h6 10. f5 Qd7 11. Bf4 Be7 12. d4 cxd4 13. Nxd4 Nxe4 14. fxe6 fxe6 15. Qh5+ Kd8 16. Qg6 Nf6 17. Nxe6+ Qxe6 18. Rae1 Qg8 19. a3 Qf8 20. b4 Rc8 21. Re3 Kc7 22. b5 Be8 23. Qd3 g5 24. Bh2 Qg7 25. Qd4 Rf8 26. Nd5+ Kd7 27. Rxe7+ Qxe7 28. Nxe7 Kxe7 29. Qxd6+ Kf7 30. Qxf6+ 1-0

[Event "1st FIDE OWCCCC Pools-East 2021"]
[Site "Online"]
[Date "2021.02.19"]
[Round "2.16"]
[White "Vishnyakova, Svetlana"]
[Black "Bond, Oliver"]
[Result "1-0"]
[WhiteElo "1911"]
[BlackElo "1386"]
[Annotator "NA"]
[PlyCount "69"]
[EventDate "2021.02.19"]
[EventType "team-tourn"]
[EventCountry "NET"]
[SourceTitle "playchess.com"]
[Source "ChessBase"]
[SourceQuality "1"]

1. e4 c5 2. Nc3 Nc6 3. g3 d6 4. Bg2 Nf6 5. d3 e6 6. h3 Be7 7. f4 e5 8. Nce2 Bd7 9. Nf3 Qb6 10. O-O h5 11. Kh1 O-O-O 12. Ng5 Rdf8 13. a4 h4 14. g4 Ng8 15. f5 f6 16. Nf3 Nh6 17. Nh2 Nd8 18. a5 Qc7 19. Be3 Bc6 20. b4 Ndf7 21. c4 a6 22. Nc3 Ng5 23. b5 Be8 24. Nd5 Qd8 25. Bxg5 fxg5 26. Nb6+ Kb8 27. bxa6 bxa6 28. Rb1 Ka7 29. Qb3 Bc6 30. Rb2 Bf6 31. Rfb1 Qb8 32. Qc2 Qc7 33. Nd5 Bxd5 34. cxd5 Rb8 35. Rb6 1-0

[Event "1st FIDE OWCCCC Pools-East 2021"]
[Site "Online"]
[Date "2021.02.19"]
[Round "2.16"]
[White "Bouychou, Armand"]
[Black "Gan-Od, Sereenen"]
[Result "0-1"]
[WhiteElo "1654"]
[BlackElo "2320"]
[Annotator "TA"]
[PlyCount "96"]
[EventDate "2021.02.19"]
[EventType "team-tourn"]
[EventCountry "NET"]
[SourceTitle "playchess.com"]
[Source "ChessBase"]
[SourceQuality "1"]

1. e4 c6 2. e5 d5 3. exd6 exd6 4. Nf3 Nf6 5. d4 Be7 6. Bd3 O-O 7. O-O Bg4 8. h3 Bh5 9. Bf4 Nbd7 10. Nbd2 Re8 11. c3 Nb6 12. Qc2 Bg6 13. Bxg6 hxg6 14. Rae1 Qd7 15. Re2 Bf8 16. Rfe1 Rxe2 17. Rxe2 Nbd5 18. Bh2 a5 19. a3 Re8 20. Nc4 a4 21. Ne3 Nxe3 22. Rxe3 Rxe3 23. fxe3 b5 24. Ng5 d5 25. Qf2 Qe7 26. Be5 Nd7 27. Qh4 Nf6 28. Bxf6 Qxe3+ 29. Kh2 Bd6+ 30. Be5 Bxe5+ 31. dxe5 Qxe5+ 32. Kh1 Kf8 33. Nf3 Qd6 34. Qh8+ Ke7 35. Qxg7 c5 36. Qe5+ Qxe5 37. Nxe5 Ke6 38. Nf3 Kf5 39. Kg1 Ke4 40. Ng5+ Kd3 41. Nxf7 Kc2 42. Ne5 Kxb2 43. Nxg6 b4 44. cxb4 cxb4 45. h4 bxa3 46. h5 a2 47. h6 a1=Q+ 48. Kh2 Qd1 0-1

[Event "1st FIDE OWCCCC Pools-East 2021"]
[Site "Online"]
[Date "2021.02.19"]
[Round "2.16"]
[White "Manappa, Narendra Tumbekodige"]
[Black "Menoncello, Lucrezia"]
[Result "1-0"]
[WhiteElo "1616"]
[BlackElo "1034"]
[Annotator "NA"]
[PlyCount "59"]
[EventDate "2021.02.19"]
[EventType "team-tourn"]
[EventCountry "NET"]
[SourceTitle "playchess.com"]
[Source "ChessBase"]
[SourceQuality "1"]

1. d4 d5 2. Bf4 Bf5 3. e3 Nf6 4. Nf3 a6 5. Nbd2 Nc6 6. c4 e6 7. Be2 Bb4 8. a3 Bxd2+ 9. Nxd2 h6 10. h3 O-O 11. O-O b5 12. cxb5 axb5 13. Bxb5 Ne7 14. Rc1 c6 15. Bxc6 Nxc6 16. Rxc6 Bd3 17. Re1 Qd7 18. Rc7 Qa4 19. Qxa4 Rxa4 20. Rb7 Raa8 21. Rc1 Nh5 22. Bd6 Rfe8 23. Rcc7 f6 24. g4 Rad8 25. Bb4 Nf4 26. Rxg7+ Kh8 27. exf4 e5 28. f5 Rb8 29. Rh7+ Kg8 30. Rbg7# 1-0

[Event "1st FIDE OWCCCC Pools-East 2021"]
[Site "Online"]
[Date "2021.02.19"]
[Round "2.16"]
[White "Dorado Martin, Juan Jose"]
[Black "Munkhzul, Davaakhuu"]
[Result "0-1"]
[WhiteElo "1573"]
[BlackElo "1991"]
[Annotator "NA"]
[PlyCount "58"]
[EventDate "2021.02.19"]
[EventType "team-tourn"]
[EventCountry "NET"]
[SourceTitle "playchess.com"]
[Source "ChessBase"]
[SourceQuality "1"]

1. e4 e5 2. Nc3 Nf6 3. Bc4 c6 4. Nf3 d6 5. O-O Be7 6. d3 O-O 7. Nh4 Nxe4 8. Nf3 Nxc3 9. bxc3 Nd7 10. Qe2 Nf6 11. Bg5 Bg4 12. Bxf6 Bxf6 13. h3 Bh5 14. g4 Bg6 15. Qd2 d5 16. Bb3 e4 17. Ne1 Bg5 18. Qd1 Bf4 19. Ng2 Bc7 20. Re1 Qd6 21. Kf1 Qh2 22. Re3 Qh1+ 23. Ke2 Qxg2 24. Rg3 Bxg3 25. Qe1 exd3+ 26. cxd3 Rfe8+ 27. Kd2 Rxe1 28. Rxe1 Qxf2+ 29. Re2 Bf4+ 0-1

[Event "1st FIDE OWCCCC Pools-East 2021"]
[Site "Online"]
[Date "2021.02.19"]
[Round "2.16"]
[White "Cao, Yingying"]
[Black "Ginzburg, Igor"]
[Result "0-1"]
[WhiteElo "1568"]
[BlackElo "2020"]
[Annotator "NA"]
[PlyCount "84"]
[EventDate "2021.02.19"]
[EventType "team-tourn"]
[EventCountry "NET"]
[SourceTitle "playchess.com"]
[Source "ChessBase"]
[SourceQuality "1"]

1. d4 d5 2. c4 e6 3. Nf3 Nf6 4. Bg5 Be7 5. Nc3 O-O 6. e3 Nbd7 7. Bd3 h6 8. Bh4 b6 9. O-O Bb7 10. cxd5 exd5 11. Re1 Ne4 12. Bxe7 Qxe7 13. Qc2 c5 14. dxc5 bxc5 15. Bxe4 dxe4 16. Nd2 Rac8 17. Ndxe4 c4 18. Rad1 Ne5 19. Nd6 Rb8 20. Nxb7 Qxb7 21. Rd2 Nd3 22. Rb1 Rfc8 23. b3 Qa6 24. bxc4 Nb4 25. Qe4 Rxc4 26. Rd4 Rxc3 27. Rdxb4 Rxb4 28. Qxb4 Qxa2 29. h3 a5 30. Qxc3 Qxb1+ 31. Kh2 a4 32. Qa3 Qb3 33. Qc1 a3 34. e4 a2 35. e5 Qb1 36. Qxb1 axb1=Q 37. f4 Qe4 38. Kg3 Kh7 39. Kg4 Kg6 40. g3 h5+ 41. Kh4 f6 42. g4 Qe1# 0-1

[Event "1st FIDE OWCCCC Pools-East 2021"]
[Site "Online"]
[Date "2021.02.19"]
[Round "2.17"]
[White "Zawadzki, Stanislaw"]
[Black "Tzoumbas, Anastasios"]
[Result "0-1"]
[WhiteElo "2435"]
[BlackElo "2287"]
[Annotator "NA RC"]
[PlyCount "118"]
[EventDate "2021.02.19"]
[EventType "team-tourn"]
[EventCountry "NET"]
[SourceTitle "playchess.com"]
[Source "ChessBase"]
[SourceQuality "1"]

1. d4 Nf6 2. c4 e6 3. Nf3 Bb4+ 4. Bd2 c5 5. e3 O-O 6. Bd3 b6 7. Bxb4 cxb4 8. Nbd2 a5 9. e4 Bb7 10. e5 Ne8 11. Qc2 f5 12. exf6 Nxf6 13. O-O Na6 14. Rfe1 Rc8 15. b3 Nc7 16. Ng5 h6 17. Nge4 Nce8 18. Nxf6+ Qxf6 19. Nf1 Qxd4 20. Rad1 Qc5 21. Bh7+ Kh8 22. Rxd7 Qc6 23. Rxb7 Qxb7 24. Rxe6 Nf6 25. Bg6 b5 26. Ne3 bxc4 27. Nxc4 Qd5 28. Re1 a4 29. h3 a3 30. Qe2 Rcd8 31. Rf1 Qg5 32. Bb1 Nd5 33. Qc2 Nf6 34. Kh1 Rd4 35. Re1 Rfd8 36. Ne5 Kg8 37. Nf3 Qf4 38. Nxd4 Qxd4 39. Qf5 Qd2 40. Re6 Qc1+ 41. Kh2 Rd1 42. Rxf6 Rh1+ 43. Kg3 Qc3+ 44. Bd3 Qxf6 45. Bc4+ Kf8 46. Qc8+ Ke7 47. Qb7+ Kd8 48. Qb8+ Ke7 49. Qxb4+ Qd6+ 50. Qxd6+ Kxd6 51. b4 Rc1 52. Bg8 Rb1 53. Kf4 Rxb4+ 54. Kf5 Rb2 55. Kg6 Rxf2 56. Kxg7 Rxg2+ 57. Kh7 h5 58. Bf7 h4 59. Kh6 Rh2 0-1

[Event "1st FIDE OWCCCC Pools-East 2021"]
[Site "Online"]
[Date "2021.02.19"]
[Round "2.17"]
[White "Dominguez Alcon, Victor"]
[Black "Dourerassou, Jonathan"]
[Result "0-1"]
[WhiteElo "2158"]
[BlackElo "2477"]
[Annotator "TA"]
[PlyCount "54"]
[EventDate "2021.02.19"]
[EventType "team-tourn"]
[EventCountry "NET"]
[SourceTitle "playchess.com"]
[Source "ChessBase"]
[SourceQuality "1"]

1. d4 d5 2. c4 e6 3. Nc3 Be7 4. Nf3 Nf6 5. Bg5 O-O 6. e3 h6 7. Bh4 Nbd7 8. Rc1 c6 9. Bd3 a6 10. O-O dxc4 11. Bxc4 b5 12. Bd3 Bb7 13. e4 c5 14. e5 Nd5 15. Bxe7 Qxe7 16. Nxd5 Bxd5 17. dxc5 Nxc5 18. Bb1 Rac8 19. Re1 Rfd8 20. Qc2 g6 21. b4 Bxf3 22. gxf3 Nd3 23. Qxc8 Nxe1 24. Qc6 Qg5+ 25. Kf1 Nxf3 26. Be4 Nd2+ 27. Ke2 Nxe4 0-1

[Event "1st FIDE OWCCCC Pools-East 2021"]
[Site "Online"]
[Date "2021.02.19"]
[Round "2.17"]
[White "Nishant Gupta"]
[Black "Sodoma, Jan"]
[Result "0-1"]
[WhiteElo "1210"]
[BlackElo "2306"]
[Annotator "TA"]
[PlyCount "64"]
[EventDate "2021.02.19"]
[EventType "team-tourn"]
[EventCountry "NET"]
[SourceTitle "playchess.com"]
[Source "ChessBase"]
[SourceQuality "1"]

1. c4 e5 2. Nc3 Nf6 3. Nf3 Nc6 4. e3 Bb4 5. Be2 O-O 6. d4 exd4 7. exd4 Ne4 8. Bd2 Bxc3 9. Bxc3 Nxc3 10. bxc3 d6 11. O-O Qf6 12. h3 Bd7 13. Nh2 Rae8 14. Bf3 b6 15. a4 Na5 16. Qd3 Bf5 17. Qd1 Nxc4 18. Bc6 Re7 19. Ng4 Qg6 20. Kh2 h5 21. Bd5 Nb2 22. Qd2 hxg4 23. hxg4 Bxg4 24. f3 Qh5+ 25. Kg1 Qxd5 26. Qxb2 Bf5 27. Rac1 Bd3 28. Rfd1 Re2 29. Rd2 Rfe8 30. Rcd1 Qg5 31. g4 Qe3+ 32. Kh1 Qxf3+ 0-1

[Event "1st FIDE OWCCCC Pools-East 2021"]
[Site "Online"]
[Date "2021.02.19"]
[Round "2.17"]
[White "Sekar, Ramya"]
[Black "Smid, Miroslav"]
[Result "0-1"]
[WhiteElo "243"]
[BlackElo "2242"]
[Annotator "NA"]
[PlyCount "112"]
[EventDate "2021.02.19"]
[EventType "team-tourn"]
[EventCountry "NET"]
[SourceTitle "playchess.com"]
[Source "ChessBase"]
[SourceQuality "1"]

1. e4 c6 2. d4 d5 3. exd5 cxd5 4. Bd3 Nc6 5. c3 Qc7 6. Nf3 Bg4 7. O-O Nf6 8. Bg5 e6 9. Nbd2 Bd6 10. h3 Bh5 11. Re1 O-O 12. Qc2 Bg6 13. Rac1 Rac8 14. Nf1 Nb4 15. cxb4 Qxc2 16. Bxc2 Bxc2 17. a3 Ne4 18. Be3 h6 19. N1d2 a6 20. Nxe4 Bxe4 21. Nd2 Bd3 22. Nb3 b6 23. Rxc8 Rxc8 24. Rc1 Rxc1+ 25. Bxc1 Bc2 26. Nd2 Kf8 27. Nf1 Ke7 28. Be3 f5 29. g3 Kd7 30. Nh2 Be4 31. Bd2 Kc6 32. Bc3 Bc2 33. Kf1 g5 34. Ke2 f4 35. gxf4 Bxf4 36. Ng4 h5 37. Ne3 Bxe3 38. Kxe3 Bf5 39. Kf3 Bxh3 40. Kg3 Bf5 41. Bd2 h4+ 42. Kg2 g4 43. Bg5 Be4+ 44. Kh2 h3 45. Bd2 Bf3 46. Kg3 Kb5 47. Bc3 Kc4 48. Kh2 Kd3 49. Kg3 Ke4 50. Kh2 Bd1 51. Kg3 b5 52. Kh2 Kf3 53. Be1 Ke2 54. Bc3 Kxf2 55. Kh1 g3 56. Be1+ Kxe1 0-1

[Event "1st FIDE OWCCCC Pools-East 2021"]
[Site "Online"]
[Date "2021.02.19"]
[Round "2.18"]
[White "Makropoulou, Marina"]
[Black "Zawadzka, Jolanta"]
[Result "0-1"]
[WhiteElo "2186"]
[BlackElo "2399"]
[Annotator "NA RC"]
[PlyCount "54"]
[EventDate "2021.02.19"]
[EventType "team-tourn"]
[EventCountry "NET"]
[SourceTitle "playchess.com"]
[Source "ChessBase"]
[SourceQuality "1"]

1. e4 c5 2. Nf3 d6 3. d4 cxd4 4. Nxd4 Nf6 5. Nc3 a6 6. a4 e5 7. Nf3 Be7 8. Bg5 Be6 9. Bxf6 Bxf6 10. Nd5 O-O 11. Bc4 Nd7 12. O-O Rc8 13. Ba2 Bg5 14. Re1 Kh8 15. c3 f5 16. Nb6 Nxb6 17. Bxe6 Rc7 18. exf5 Bf6 19. a5 Na8 20. Re2 Rc5 21. Qa4 Nc7 22. Bb3 Qc8 23. Qg4 g6 24. Bc2 Bg7 25. Ng5 Nd5 26. Qh4 h6 27. Ne6 Rc4 0-1

[Event "1st FIDE OWCCCC Pools-East 2021"]
[Site "Online"]
[Date "2021.02.19"]
[Round "2.18"]
[White "Novosadova, Kristyna"]
[Black "Krishna, Prasad K.C."]
[Result "1-0"]
[WhiteElo "2138"]
[BlackElo "1979"]
[Annotator "NA"]
[PlyCount "79"]
[EventDate "2021.02.19"]
[EventType "team-tourn"]
[EventCountry "NET"]
[SourceTitle "playchess.com"]
[Source "ChessBase"]
[SourceQuality "1"]

1. e4 c5 2. Nf3 Nc6 3. d4 cxd4 4. Nxd4 Nf6 5. Nc3 e5 6. Ndb5 d6 7. Bg5 a6 8. Na3 b5 9. Nd5 Be7 10. Bxf6 Bxf6 11. c3 O-O 12. Nc2 Bg5 13. h4 Bh6 14. Nce3 Bxe3 15. Nxe3 Ne7 16. g4 Bb7 17. Bg2 Ng6 18. Nf5 Nf4 19. Bf3 Qc7 20. Qxd6 Qc4 21. O-O-O f6 22. Rhe1 Qxa2 23. Qc7 Qa1+ 24. Kc2 Qa4+ 25. Kb1 Rf7 26. Rd7 Raf8 27. Rxf7 Rxf7 28. Qb8+ Rf8 29. Qxb7 Ne6 30. Qd5 Qc4 31. Be2 Qxd5 32. exd5 Nf4 33. d6 g6 34. Ne7+ Kf7 35. Bf3 Rd8 36. Rd1 Ke6 37. g5 fxg5 38. Bg4+ Kf7 39. Nc6 Re8 40. d7 1-0

[Event "1st FIDE OWCCCC Pools-East 2021"]
[Site "Online"]
[Date "2021.02.19"]
[Round "2.18"]
[White "Guerlach, Frederic"]
[Black "Brandi, Flaviano"]
[Result "1-0"]
[WhiteElo "2055"]
[BlackElo "1927"]
[Annotator "NA"]
[PlyCount "115"]
[EventDate "2021.02.19"]
[EventType "team-tourn"]
[EventCountry "NET"]
[SourceTitle "playchess.com"]
[Source "ChessBase"]
[SourceQuality "1"]

1. Nf3 Nf6 2. c4 c5 3. Nc3 d5 4. cxd5 Nxd5 5. e4 Nb4 6. d4 cxd4 7. Bb5+ N8c6 8. Ne2 d3 9. Ned4 Bd7 10. Nxc6 Bxc6 11. Bxc6+ Nxc6 12. O-O e5 13. Be3 Be7 14. Qb3 Qd7 15. Rfd1 Rd8 16. Ne1 O-O 17. Rxd3 Qc7 18. Rad1 Rxd3 19. Rxd3 Rd8 20. Rxd8+ Bxd8 21. g3 Bf6 22. Kg2 Qd7 23. Qd5 Qxd5 24. exd5 Nd4 25. b3 Kf8 26. f4 Ke7 27. Nf3 Nxf3 28. Kxf3 b6 29. f5 Kd6 30. Ke4 Bd8 31. h4 h5 32. b4 f6 33. a4 Bc7 34. Bc1 Kd7 35. Bd2 Bd6 36. Bc3 Ke7 37. Bd2 Kd7 38. Bc3 Ke7 39. Kf3 Kf7 40. g4 g6 41. Bd2 gxf5 42. gxf5 Ke7 43. Ke4 Kf7 44. Bc3 Ke7 45. Bd2 Kf7 46. a5 bxa5 47. bxa5 Bc5 48. a6 Bf2 49. Bb4 Ke8 50. d6 Kd7 51. Kd5 Be3 52. Be1 Bb6 53. Bd2 Bd4 54. Bh6 Bf2 55. Bd2 Bd4 56. Be1 Be3 57. Bc3 Bf2 58. Bd2 1-0